Statistics for People with A initials #2

Click here to take the quiz!

General Stats

  • This quiz has been taken 31 times
  • The average score is 14 of 22

Answer Stats

Initials Clue Person % Correct
AATennis player who wore a wigAndre Agassi
96%
AFShe wrote a diary when she was in AmsterdamAnne Frank
96%
ARFrontman of Guns N'RosesAxl Rose
92%
AJ"Lara Croft" actress and Jon Voight's daughterAngelina Jolie
92%
AEFirst female aviator to fly solo across the Atlantic OceanAmelia Earhart
88%
AGEnvironmentalist and former US vice-presidentAl Gore
88%
AH"Psycho", "The Birds", "Vertigo"Alfred Hitchcock
88%
AWLeading figure of pop artAndy Warhol
83%
AMActual Chancellor of GermanyAngela Merkel
79%
ABSpanish actor who portrayed "Puss in Boots" in ShrekAntonio Banderas
75%
AKHe replaced Charlie Sheen in "Two and a half men"Ashton Kutcher
71%
AV"The Four seasons" composerAntonio Vivaldi
67%
ALLead singer of Maroon 5Adam Levine
67%
AYLead guitarist of AC/DCAngus Young
63%
APFormer chilean dictatorAugusto Pinochet
50%
AORussian captain of the Washington CapitalsAlexander Ovechkin
46%
ASFormer member of SNL cast and actual star of "Brooklyn Nine-Nine"Andy Samberg
42%
ACThe Queen of CrimeAgatha Christie
42%
AINBA Finals MVP in 2015Andre Iguodala
29%
ATFather of artificial intelligenceAlan Turing
29%
ANItalian football star and AC Milan legendAlessandro Nesta
21%
ADHe is Kylo RenAdam Driver
21%

Score Distribution

Percentile by Number Answered

Percent of People with Each Score

Your Score History

You have not taken this quiz